| 000 | 01011nam a2200301 i 4500 | ||
|---|---|---|---|
| 001 | 000046288 | ||
| 003 | DO-SdBNP | ||
| 005 | 20241218125945.0 | ||
| 007 | ta | ||
| 008 | 150715s1986 dr ac 000 0 spa d | ||
| 040 |
_aDO-SdBNP _bspa _cBNPHU _erda |
||
| 041 | _hspa | ||
| 082 |
_axxxx _bC614P _222 |
||
| 100 | 1 |
_aClase, Pablo, _d1953- _eautor _938727 |
|
| 245 | 1 | 0 |
_aPorfirio Rubirosa : _bel primer play boy del mundo / _cPablo Clase ; prólogo Pedro René Contín Aybar. |
| 264 |
_aSanto Domingo : _bTaller, _c1993 |
||
| 300 |
_a178 páginas : _bilustraciones retratos. ; _c21 cm. |
||
| 336 |
_ardacontent _btexto _2txt |
||
| 337 |
_ardamedia _bsin mediación _2n |
||
| 338 |
_ardacarrier _bvolumen _2nc |
||
| 490 | 1 |
_aBiblioteca Taller _v215 |
|
| 500 | _aIncluye datos biográficos del autor en la solapa de la contracubierta | ||
| 590 | _aInventariado,2024/DG | ||
| 700 | 1 | 2 |
_aContín Aybar, Pedro René, _eprólogo _923772 |
| 830 | 0 |
_aBiblioteca Taller. _n215 _974303 |
|
| 910 | _aDG | ||
| 942 |
_2ddc _cLBS1 |
||
| 999 |
_c57978 _d57978 |
||